Gate-2023 (Record no. 13721)

000 -LEADER
fixed length control field 00496nam a22001937a 4500
003 - CONTROL NUMBER IDENTIFIER
control field OSt
005 - DATE AND TIME OF LATEST TRANSACTION
control field 20250910122240.0
008 - FIXED-LENGTH DATA ELEMENTS--GENERAL INFORMATION
fixed length control field 250910b ||||| |||| 00| 0 eng d
020 ## - INTERNATIONAL STANDARD BOOK NUMBER
International Standard Book Number 9789394168473
040 ## - CATALOGING SOURCE
Original cataloging agency BMSCA
041 ## - LANGUAGE CODE
Language code of text/sound track or separate title eng
082 ## - DEWEY DECIMAL CLASSIFICATION NUMBER
Edition number 23rd
Item number Jai
100 ## - MAIN ENTRY--PERSONAL NAME
Personal name Jain, Jinisha
245 ## - TITLE STATEMENT
Title Gate-2023
Remainder of title Architecture and planning-:Vol 2
260 ## - PUBLICATION, DISTRIBUTION, ETC. (IMPRINT)
Place of publication, distribution, etc New Delhi:
Name of publisher, distributor, etc G.K. Publications(P) LTD,
Date of publication, distribution, etc C2022
300 ## - PHYSICAL DESCRIPTION
Extent 800p:.
Dimensions 80cm.
504 ## - BIBLIOGRAPHY, ETC. NOTE
Bibliography, etc I t includes bibliography.
942 ## - ADDED ENTRY ELEMENTS (KOHA)
Source of classification or shelving scheme
Holdings
Withdrawn status Lost status Source of classification or shelving scheme Damaged status Koha normalized classification for sorting Not for loan Permanent location Current location Date acquired Full call number Barcode Date last seen Price effective from Koha item type
        JAI Not For Loan BMS College of Architecture, Design and Planning BMS College of Architecture, Design and Planning 2025-09-10 Jai AR-DB744 2025-09-10 2025-09-10 Donated Book
Copyright © 2025, The Librarian, Library and Information Centre, BMSCA D&P, Bengaluru. All Rights Reserved
web counter

Powered by Koha